[Event "World Chess Olympiad 2018"]
[Site "Batumi"]
[Date "2018.09.25"]
[Round "2"]
[Board "2"]
[WhiteFideId "19600151"]
[White "Cheikhna Mohamed Lemine"]
[BlackFideId "14800063"]
[Black "Abrantes Persson"]
[Result "0-1"]
[LiveChessVersion "1.4.8"]
[BlackElo "2055"]
[WhiteElo "1950"]

1. d4 {[%clk 1:30:40]} Nf6 {[%clk 1:30:51]} 2. Nf3 {[%clk 1:29:58]} g6
{[%clk 1:31:03]} 3. Bf4 {[%clk 1:30:07]} Bg7 {[%clk 1:31:13]} 4. e3
{[%clk 1:29:50]} d6 {[%clk 1:31:35]} 5. Be2 {[%clk 1:28:23]} c6 {[%clk 1:31:22]}
6. Nbd2 {[%clk 1:20:34]} O-O {[%clk 1:31:42]} 7. h3 {[%clk 1:20:12]} a5
{[%clk 1:31:49]} 8. O-O {[%clk 1:19:32]} Nh5 {[%clk 1:31:59]} 9. Bh2
{[%clk 1:19:45]} f5 {[%clk 1:23:16]} 10. c4 {[%clk 1:18:10]} Nf6 {[%clk 1:19:20]}
11. Qc2 {[%clk 1:13:02]} h6 {[%clk 1:15:13]} 12. Rac1 {[%clk 1:06:30]} Na6
{[%clk 1:09:45]} 13. a3 {[%clk 1:05:56]} Bd7 {[%clk 1:09:46]} 14. Nh4
{[%clk 1:00:30]} Be8 {[%clk 1:09:27]} 15. Qb3 {[%clk 0:52:05]} Qd7
{[%clk 1:06:28]} 16. c5+ {[%clk 0:46:41]} Bf7 {[%clk 1:06:51]} 17. Bc4
{[%clk 0:45:26]} Nd5 {[%clk 1:05:02]} 18. cxd6 {[%clk 0:37:11]} exd6
{[%clk 1:05:14]} 19. Qd3 {[%clk 0:35:26]} Kh7 {[%clk 0:50:54]} 20. Bb3
{[%clk 0:28:40]} Nac7 {[%clk 0:42:03]} 21. e4 {[%clk 0:23:26]} fxe4
{[%clk 0:36:11]} 22. Nxe4 {[%clk 0:22:37]} Nb5 {[%clk 0:35:28]} 23. Bc2
{[%clk 0:13:41]} Ne7 {[%clk 0:16:45]} 24. Rfe1 {[%clk 0:10:12]} Nf5
{[%clk 0:12:59]} 25. Nxf5 {[%clk 0:07:02]} gxf5 {[%clk 0:13:07]} 26. Ng3
{[%clk 0:04:39]} Nxd4 {[%clk 0:12:33]} 27. Nxf5 {[%clk 0:02:25]} Bg6
{[%clk 0:12:29]} 28. Re7 {[%clk 0:01:52]} Qxe7 {[%clk 0:05:55]} 29. Nxe7 Bxd3 30.
Bxd3+ {[%clk 0:01:51]} Kh8 {[%clk 0:05:59]} 31. Ng6+ {[%clk 0:02:13]} Kg8
{[%clk 0:06:01]} 32. Nxf8 {[%clk 0:02:40]} Bxf8 {[%clk 0:05:37]} 33. Re1
{[%clk 0:02:14]} d5 {[%clk 0:03:44]} 34. Kf1 {[%clk 0:02:15]} Kf7
{[%clk 0:03:58]} 35. g4 {[%clk 0:02:05]} Nf3 {[%clk 0:03:54]} 36. Re3
{[%clk 0:01:42]} Nxh2+ {[%clk 0:04:16]} 37. Kg2 {[%clk 0:01:37]} Bd6
{[%clk 0:03:27]} 38. Bf5 {[%clk 0:01:09]} Bf4 {[%clk 0:03:07]} 39. Re6
{[%clk 0:01:09]} a4 {[%clk 0:03:09]} 40. Re2 {[%clk 0:01:13]} Ra6
{[%clk 0:02:44]} 41. Be6+ {[%clk 0:31:20]} Kf6 {[%clk 0:32:46]} 42. Bc8
{[%clk 0:31:36]} Rb6 {[%clk 0:31:44]} 43. Re8 {[%clk 0:31:17]} Kf7
{[%clk 0:31:20]} 44. Rd8 {[%clk 0:31:05]} Rxb2 {[%clk 0:29:29]} 45. Rd7+
{[%clk 0:29:18]} Ke8 {[%clk 0:29:24]} 46. Rxb7 {[%clk 0:29:17]} Rxb7
{[%clk 0:29:31]} 47. Bxb7 {[%clk 0:29:21]} Kd7 {[%clk 0:29:44]} 48. Ba6
{[%clk 0:29:33]} Kc7 {[%clk 0:26:04]} 49. f3 {[%clk 0:28:48]} Kb6
{[%clk 0:26:19]} 50. Be2 {[%clk 0:28:37]} c5 {[%clk 0:26:33]} 51. h4
{[%clk 0:27:25]} c4 {[%clk 0:26:45]} 52. g5 {[%clk 0:27:09]} hxg5
{[%clk 0:27:11]} 53. hxg5 {[%clk 0:27:22]} Bxg5 {[%clk 0:26:12]} 54. Kxh2
{[%clk 0:27:39]} Bc1 {[%clk 0:26:30]} 55. Bd1 {[%clk 0:26:51]} Kb5
{[%clk 0:26:58]} 56. Kg2 {[%clk 0:27:04]} Bxa3 {[%clk 0:27:15]} 57. Kf2
{[%clk 0:27:09]} Bc1 {[%clk 0:27:14]} 58. Ke2 {[%clk 0:26:58]} d4
{[%clk 0:27:00]} 0-1

[Event "World Chess Olympiad 2018"]
[Site "Batumi"]
[Date "2018.09.25"]
[Round "2"]
[Board "1"]
[WhiteFideId "5901871"]
[White "Michaelides Konstantinos"]
[BlackFideId "8800081"]
[Black "Black Richard"]
[Result "1-0"]
[LiveChessVersion "1.4.8"]
[BlackElo "2218"]
[WhiteElo "2209"]

1. d4 {[%clk 1:30:51]} d5 {[%clk 1:30:57]} 2. c4 {[%clk 1:31:02]} c6
{[%clk 1:31:25]} 3. cxd5 {[%clk 1:31:06]} cxd5 {[%clk 1:31:52]} 4. Bf4
{[%clk 1:31:15]} Nc6 {[%clk 1:31:37]} 5. e3 {[%clk 1:31:06]} Nf6 {[%clk 1:31:18]}
6. Nc3 {[%clk 1:31:02]} e6 {[%clk 1:23:13]} 7. Bd3 {[%clk 1:30:49]} Bd6
{[%clk 1:22:16]} 8. Bxd6 {[%clk 1:31:02]} Qxd6 {[%clk 1:22:42]} 9. f4
{[%clk 1:31:27]} O-O {[%clk 1:16:02]} 10. Nf3 {[%clk 1:30:56]} b6
{[%clk 1:12:04]} 11. Ne5 {[%clk 1:27:22]} Nb4 {[%clk 1:09:11]} 12. Bb1
{[%clk 1:26:59]} Bb7 {[%clk 1:02:27]} 13. a3 {[%clk 1:23:46]} Nc6
{[%clk 1:02:20]} 14. g4 {[%clk 1:19:36]} Ne7 {[%clk 0:52:21]} 15. Qf3
{[%clk 1:14:40]} Rac8 {[%clk 0:49:14]} 16. g5 {[%clk 1:02:29]} Ne4
{[%clk 0:42:53]} 17. Nxe4 {[%clk 1:00:00]} dxe4 {[%clk 0:30:35]} 18. Bxe4
{[%clk 0:59:45]} Bxe4 {[%clk 0:27:15]} 19. Qxe4 {[%clk 1:00:14]} Qc7
{[%clk 0:24:45]} 20. Kd2 {[%clk 0:56:49]} b5 {[%clk 0:24:47]} 21. Rhc1
{[%clk 0:49:28]} Qa5+ {[%clk 0:22:50]} 22. b4 {[%clk 0:44:40]} Qa4
{[%clk 0:15:53]} 23. Qb7 {[%clk 0:38:08]} Rce8 {[%clk 0:05:55]} 24. Nd7
{[%clk 0:29:26]} Qb3 {[%clk 0:05:45]} 25. Qe4 {[%clk 0:27:04]} Nf5
{[%clk 0:02:26]} 26. Nxf8 {[%clk 0:24:16]} Rxf8 {[%clk 0:01:55]} 27. Qd3
{[%clk 0:22:37]} Qa4 {[%clk 0:02:06]} 28. Rc6 {[%clk 0:19:49]} Ne7
{[%clk 0:01:54]} 29. Rc5 {[%clk 0:19:53]} Rb8 {[%clk 0:01:10]} 30. Rac1
{[%clk 0:19:37]} Qa6 {[%clk 0:01:34]} 31. Rc7 {[%clk 0:17:40]} Nd5
{[%clk 0:01:36]} 32. R1c6 {[%clk 0:15:31]} Nb6 {[%clk 0:01:43]} 33. Ke2
{[%clk 0:15:04]} g6 {[%clk 0:02:08]} 34. Qb3 {[%clk 0:14:21]} Re8
{[%clk 0:02:12]} 35. h4 {[%clk 0:11:49]} Kf8 {[%clk 0:01:47]} 36. h5
{[%clk 0:11:03]} gxh5 {[%clk 0:02:15]} 37. f5 {[%clk 0:11:17]} Qa4
{[%clk 0:02:33]} 38. Qxa4 {[%clk 0:10:10]} bxa4 {[%clk 0:02:35]} 39. Rxa7
{[%clk 0:09:32]} Nc8 {[%clk 0:02:27]} 40. Ra8 {[%clk 0:38:28]} Ne7
{[%clk 0:32:51]} 41. Rxe8+ {[%clk 0:38:54]} 1-0

[Event "World Chess Olympiad 2018"]
[Site "Batumi"]
[Date "2018.09.25"]
[Round "2"]
[Board "2"]
[WhiteFideId "8800871"]
[White "Gontcharov Serguei"]
[BlackFideId "5900328"]
[Black "Constantinou Pavlos"]
[Result "0-1"]
[LiveChessVersion "1.4.8"]
[BlackElo "2114"]
[WhiteElo "1875"]

1. e4 {[%clk 1:30:56]} c5 {[%clk 1:30:57]} 2. c3 {[%clk 1:31:15]} Nf6
{[%clk 1:31:17]} 3. e5 {[%clk 1:31:39]} Nd5 {[%clk 1:31:43]} 4. d4
{[%clk 1:32:01]} cxd4 {[%clk 1:31:49]} 5. cxd4 e6 {[%clk 1:30:48]} 6. Nf3
{[%clk 1:32:29]} d6 {[%clk 1:31:06]} 7. Bc4 {[%clk 1:31:08]} Nc6 {[%clk 1:31:22]}
8. O-O {[%clk 1:30:15]} Be7 {[%clk 1:31:43]} 9. exd6 {[%clk 1:27:24]} Qxd6
{[%clk 1:31:54]} 10. Nc3 {[%clk 1:27:08]} Nxc3 {[%clk 1:30:40]} 11. bxc3
{[%clk 1:25:33]} O-O {[%clk 1:29:21]} 12. Qe2 {[%clk 1:22:21]} b6
{[%clk 1:25:04]} 13. Qe4 {[%clk 1:19:51]} Bb7 {[%clk 1:22:30]} 14. Bd3
{[%clk 1:15:12]} g6 {[%clk 1:19:22]} 15. Bh6 {[%clk 0:52:18]} Rfd8
{[%clk 1:11:18]} 16. Rad1 {[%clk 0:35:22]} Rac8 {[%clk 1:00:41]} 17. Ng5
{[%clk 0:13:44]} Na5 {[%clk 0:58:02]} 18. Qe1 {[%clk 0:07:02]} Bxg5
{[%clk 0:55:44]} 19. Bxg5 {[%clk 0:06:08]} Qd5 {[%clk 0:56:08]} 20. Be4
{[%clk 0:02:15]} Qxg5 {[%clk 0:56:18]} 21. Bxb7 {[%clk 0:01:30]} Nxb7
{[%clk 0:56:43]} 0-1

[Event "World Chess Olympiad 2018"]
[Site "Batumi"]
[Date "2018.09.25"]
[Round "2"]
[Board "3"]
[WhiteFideId "5902355"]
[White "Damianou Ioannis"]
[BlackFideId "8800170"]
[Black "Lill Sami"]
[Result "1-0"]
[LiveChessVersion "1.4.8"]
[BlackElo "1844"]
[WhiteElo "2008"]

1. c4 {[%clk 1:30:54]} f5 {[%clk 1:30:33]} 2. Nf3 {[%clk 1:30:38]} Nf6
{[%clk 1:30:28]} 3. Nc3 {[%clk 1:30:31]} d6 {[%clk 1:29:53]} 4. d4
{[%clk 1:30:54]} Nbd7 {[%clk 1:30:03]} 5. e3 {[%clk 1:28:42]} e5 {[%clk 1:29:35]}
6. Be2 {[%clk 1:29:07]} g6 {[%clk 1:29:24]} 7. b3 {[%clk 1:26:45]} Bg7
{[%clk 1:27:30]} 8. dxe5 {[%clk 1:21:45]} dxe5 {[%clk 1:27:45]} 9. Ba3
{[%clk 1:21:52]} b6 {[%clk 1:12:18]} 10. Ng5 {[%clk 1:09:02]} Nf8
{[%clk 0:53:16]} 11. Qxd8+ {[%clk 1:09:20]} Kxd8 {[%clk 0:53:44]} 12. Nf7+
{[%clk 1:09:39]} Ke8 {[%clk 0:54:08]} 13. Nxh8 {[%clk 1:09:59]} Bxh8
{[%clk 0:54:25]} 14. Nd5 {[%clk 1:07:23]} Nxd5 {[%clk 0:52:13]} 15. cxd5
{[%clk 1:07:45]} e4 {[%clk 0:52:17]} 16. Rc1 {[%clk 1:07:53]} Be5
{[%clk 0:51:15]} 17. O-O {[%clk 1:06:35]} Bb7 {[%clk 0:50:49]} 18. Bb5+
{[%clk 1:05:08]} Kf7 {[%clk 0:50:54]} 19. Bc6 {[%clk 1:04:16]} Bxc6
{[%clk 0:49:28]} 20. dxc6 {[%clk 1:03:57]} Ne6 {[%clk 0:45:02]} 21. Rfd1
{[%clk 1:04:17]} Rd8 {[%clk 0:43:23]} 22. Rd7+ {[%clk 1:02:27]} Rxd7
{[%clk 0:41:39]} 23. cxd7 {[%clk 1:02:52]} c5 {[%clk 0:41:53]} 24. b4
{[%clk 1:02:38]} Ke7 {[%clk 0:38:43]} 25. Rd1 {[%clk 0:59:47]} Bd6
{[%clk 0:36:32]} 26. bxc5 {[%clk 0:58:41]} bxc5 {[%clk 0:34:51]} 27. Bb2
{[%clk 0:58:14]} Bc7 {[%clk 0:33:15]} 28. Kf1 {[%clk 0:56:24]} Bd8
{[%clk 0:31:57]} 29. Be5 {[%clk 0:54:11]} Bb6 {[%clk 0:29:02]} 30. Ke2
{[%clk 0:52:14]} g5 {[%clk 0:20:55]} 31. Rd5 {[%clk 0:47:54]} h6 {[%clk 0:18:35]}
32. a4 {[%clk 0:44:13]} a5 {[%clk 0:14:07]} 33. Kd2 {[%clk 0:37:41]} Bd8
{[%clk 0:08:08]} 34. Kc3 {[%clk 0:36:56]} Nf8 {[%clk 0:06:29]} 35. Bg7
{[%clk 0:34:43]} Nxd7 {[%clk 0:05:51]} 36. Rxf5 {[%clk 0:30:36]} Ke6
{[%clk 0:06:02]} 37. g4 {[%clk 0:31:01]} h5 {[%clk 0:00:42]} 38. h3
{[%clk 0:31:14]} hxg4 {[%clk 0:01:05]} 39. hxg4 {[%clk 0:31:39]} Nb6
{[%clk 0:01:19]} 40. Bh6 {[%clk 0:58:05]} Bf6+ {[%clk 0:30:57]} 41. Kc2
{[%clk 0:58:20]} Nxa4 {[%clk 0:28:37]} 42. Kb3 {[%clk 0:57:48]} Nb6
{[%clk 0:16:05]} 43. Bxg5 {[%clk 0:57:07]} a4+ {[%clk 0:14:57]} 44. Ka2
{[%clk 0:55:40]} Be5 {[%clk 0:13:12]} 45. Bf4 {[%clk 0:54:29]} Bc3
{[%clk 0:09:15]} 46. Rxc5 {[%clk 0:53:15]} Nd5 {[%clk 0:08:21]} 47. Rc6+
{[%clk 0:53:14]} Kf7 {[%clk 0:08:18]} 48. Rc4 {[%clk 0:53:36]} Be1
{[%clk 0:07:27]} 49. Ka3 {[%clk 0:52:07]} Bxf2 {[%clk 0:05:45]} 50. Rxe4
{[%clk 0:52:20]} Be1 {[%clk 0:03:11]} 51. Rxa4 {[%clk 0:49:07]} 1-0

[Event "World Chess Olympiad 2018"]
[Site "Batumi"]
[Date "2018.09.25"]
[Round "2"]
[Board "4"]
[WhiteFideId "8800936"]
[White "Cabral Daniel"]
[BlackFideId "5900360"]
[Black "Georgiou Andreas"]
[Result "0-1"]
[LiveChessVersion "1.4.8"]
[BlackElo "1868"]
[WhiteElo "1618"]

1. e4 {[%clk 1:30:54]} c6 {[%clk 1:30:44]} 2. d4 {[%clk 1:31:15]} d5
{[%clk 1:31:06]} 3. Nd2 {[%clk 1:31:25]} g6 {[%clk 1:30:42]} 4. Ngf3
{[%clk 1:27:50]} Bg7 {[%clk 1:29:02]} 5. Bd3 {[%clk 1:25:44]} Nh6
{[%clk 1:26:46]} 6. c3 {[%clk 1:24:04]} f6 {[%clk 1:24:23]} 7. O-O
{[%clk 1:18:54]} O-O {[%clk 1:24:41]} 8. Re1 {[%clk 1:14:17]} Nf7
{[%clk 1:25:06]} 9. Nf1 {[%clk 1:08:31]} e5 {[%clk 1:22:54]} 10. Ng3
{[%clk 1:01:39]} dxe4 {[%clk 1:20:11]} 11. Nxe4 {[%clk 0:57:53]} f5
{[%clk 1:20:31]} 12. Neg5 {[%clk 0:44:21]} e4 {[%clk 1:20:36]} 13. Bc4
{[%clk 0:42:36]} exf3 {[%clk 1:17:42]} 14. Qxf3 {[%clk 0:37:32]} h6
{[%clk 1:15:52]} 15. Nxf7 {[%clk 0:32:30]} Rxf7 {[%clk 1:16:21]} 16. Bf4
{[%clk 0:24:20]} Nd7 {[%clk 1:14:51]} 17. Bd6 {[%clk 0:21:33]} Bf6
{[%clk 1:10:24]} 18. Qe3 {[%clk 0:16:56]} Nb6 {[%clk 1:05:02]} 19. Qxh6
{[%clk 0:13:01]} Nxc4 {[%clk 1:05:13]} 20. Qxg6+ {[%clk 0:09:39]} Bg7
{[%clk 1:05:35]} 21. Be5 {[%clk 0:08:35]} Bd7 {[%clk 1:04:20]} 22. b3
{[%clk 0:06:52]} Nd2 {[%clk 1:03:31]} 23. f3 {[%clk 0:05:02]} Qh4
{[%clk 0:54:15]} 24. Re2 {[%clk 0:03:32]} f4 {[%clk 0:52:29]} 25. Rxd2
{[%clk 0:03:12]} Bf5 {[%clk 0:52:53]} 26. Qd6 {[%clk 0:02:52]} Rd8
{[%clk 0:53:15]} 27. Qc5 {[%clk 0:00:50]} Rd5 {[%clk 0:51:47]} 28. g3
{[%clk 0:00:39]} Qd8 {[%clk 0:49:26]} 29. Qc4 {[%clk 0:00:35]} Bxe5
{[%clk 0:49:13]} 30. Re2 {[%clk 0:00:31]} Bg7 {[%clk 0:41:32]} 31. Rae1
{[%clk 0:00:52]} Bd7 {[%clk 0:38:39]} 32. Kg2 {[%clk 0:00:37]} Qg5
{[%clk 0:36:35]} 33. g4 {[%clk 0:00:32]} Bxg4 {[%clk 0:32:38]} 34. Re8+
{[%clk 0:00:45]} Kh7 {[%clk 0:33:07]} 35. fxg4 {[%clk 0:00:33]} Qxg4+
{[%clk 0:32:59]} 36. Kh1 {[%clk 0:00:46]} Qf3+ {[%clk 0:33:17]} 0-1

[Event "World Chess Olympiad 2018"]
[Site "Batumi"]
[Date "2018.09.25"]
[Round "2"]
[Board "1"]
[WhiteFideId "5600618"]
[White "Zerafa Robert"]
[BlackFideId "409014"]
[Black "Kirby Peter J."]
[Result "1/2-1/2"]
[LiveChessVersion "1.4.8"]
[BlackElo "1988"]
[WhiteElo "2085"]

1. e4 {[%clk 1:30:56]} c5 {[%clk 1:30:57]} 2. Nf3 {[%clk 1:31:21]} Nc6
{[%clk 1:31:22]} 3. d4 {[%clk 1:31:34]} cxd4 {[%clk 1:31:48]} 4. Nxd4
{[%clk 1:32:02]} g6 {[%clk 1:32:01]} 5. Nc3 {[%clk 1:32:15]} Bg7 {[%clk 1:32:21]}
6. Be3 {[%clk 1:32:41]} Nf6 {[%clk 1:32:44]} 7. Bc4 {[%clk 1:32:36]} O-O
{[%clk 1:33:02]} 8. Bb3 {[%clk 1:32:54]} Qa5 {[%clk 1:32:50]} 9. O-O
{[%clk 1:32:27]} d6 {[%clk 1:32:58]} 10. h3 {[%clk 1:32:48]} Bd7 {[%clk 1:32:57]}
11. f4 {[%clk 1:26:04]} Nxd4 {[%clk 1:32:53]} 12. Bxd4 {[%clk 1:26:05]} Bc6
{[%clk 1:32:31]} 13. Qd3 {[%clk 1:20:49]} Nd7 {[%clk 1:24:46]} 14. Bxg7
{[%clk 1:02:53]} Kxg7 {[%clk 1:25:14]} 15. Rae1 {[%clk 1:01:35]} Rae8
{[%clk 1:18:25]} 16. Qg3 {[%clk 0:51:04]} a6 {[%clk 1:02:21]} 17. Kh2
{[%clk 0:37:53]} Qc5 {[%clk 0:59:29]} 18. e5 {[%clk 0:37:17]} dxe5
{[%clk 0:58:11]} 19. fxe5 {[%clk 0:37:36]} e6 {[%clk 0:56:18]} 20. Rf4
{[%clk 0:36:23]} Nb6 {[%clk 0:53:11]} 21. Rh4 {[%clk 0:34:31]} Qe7
{[%clk 0:51:18]} 22. Rf1 {[%clk 0:29:44]} Nd7 {[%clk 0:49:06]} 23. Kh1
{[%clk 0:24:26]} Rd8 {[%clk 0:45:23]} 24. Ne2 {[%clk 0:23:56]} Nb6
{[%clk 0:36:02]} 25. c4 {[%clk 0:18:38]} f5 {[%clk 0:32:38]} 26. c5
{[%clk 0:13:45]} Nd5 {[%clk 0:29:20]} 27. Bxd5 {[%clk 0:10:58]} Bxd5
{[%clk 0:29:20]} 28. b4 {[%clk 0:10:06]} Bc6 {[%clk 0:27:11]} 29. Re1
{[%clk 0:05:50]} Rf7 {[%clk 0:16:51]} 30. Rd4 {[%clk 0:04:42]} Rxd4
{[%clk 0:16:17]} 31. Nxd4 {[%clk 0:04:09]} Bd5 {[%clk 0:15:16]} 32. a3
{[%clk 0:04:22]} f4 {[%clk 0:14:17]} 33. Qf2 {[%clk 0:03:48]} Qg5
{[%clk 0:12:43]} 34. Kh2 {[%clk 0:03:41]} h5 {[%clk 0:11:47]} 35. h4
{[%clk 0:03:36]} Qg4 {[%clk 0:10:31]} 36. Nf3 {[%clk 0:02:56]} Bxf3
{[%clk 0:09:43]} 37. gxf3 {[%clk 0:03:25]} Qf5 {[%clk 0:09:56]} 38. Qd2
{[%clk 0:03:17]} Kh7 {[%clk 0:08:10]} 39. Re2 {[%clk 0:02:34]} g5
{[%clk 0:06:28]} 40. hxg5 {[%clk 0:30:43]} Qxg5 {[%clk 0:35:35]} 41. Qd3+
{[%clk 0:22:28]} Kh6 {[%clk 0:34:01]} 42. Rg2 {[%clk 0:21:46]} Qh4+
{[%clk 0:34:01]} 43. Kg1 {[%clk 0:22:10]} Qe1+ {[%clk 0:34:05]} 44. Kh2
{[%clk 0:22:36]} Qh4+ 1/2-1/2

[Event "World Chess Olympiad 2018"]
[Site "Batumi"]
[Date "2018.09.25"]
[Round "2"]
[Board "2"]
[WhiteFideId "10700099"]
[White "Rowe Peter"]
[BlackFideId "5600189"]
[Black "Pace Colin"]
[Result "0-1"]
[LiveChessVersion "1.4.8"]
[BlackElo "2132"]
[WhiteElo "1951"]

1. d4 {[%clk 1:30:51]} f5 {[%clk 1:30:54]} 2. Nf3 {[%clk 1:29:52]} Nf6
{[%clk 1:31:13]} 3. Bg5 {[%clk 1:29:21]} e6 {[%clk 1:29:25]} 4. e3
{[%clk 1:28:04]} Be7 {[%clk 1:29:15]} 5. h3 {[%clk 1:26:26]} b6 {[%clk 1:26:43]}
6. Be2 {[%clk 1:24:26]} Bb7 {[%clk 1:26:09]} 7. O-O {[%clk 1:24:07]} O-O
{[%clk 1:26:11]} 8. c4 {[%clk 1:22:05]} d6 {[%clk 1:19:12]} 9. Nc3
{[%clk 1:20:58]} Nbd7 {[%clk 1:16:13]} 10. a4 {[%clk 1:17:36]} a5
{[%clk 1:08:03]} 11. Qc2 {[%clk 1:12:19]} h6 {[%clk 0:51:40]} 12. Bf4
{[%clk 1:02:28]} Ne4 {[%clk 0:48:02]} 13. Rad1 {[%clk 0:53:02]} Qe8
{[%clk 0:43:29]} 14. Nb5 {[%clk 0:38:42]} Bd8 {[%clk 0:40:29]} 15. Bh2
{[%clk 0:33:47]} Qg6 {[%clk 0:39:19]} 16. d5 {[%clk 0:26:09]} e5 {[%clk 0:38:34]}
17. Nc3 {[%clk 0:21:16]} Ndc5 {[%clk 0:36:04]} 18. Kh1 {[%clk 0:15:57]} Bc8
{[%clk 0:34:45]} 19. Nxe4 {[%clk 0:12:34]} fxe4 {[%clk 0:34:30]} 20. Ng1
{[%clk 0:09:48]} Bd7 {[%clk 0:28:40]} 21. b3 {[%clk 0:09:24]} Bh4
{[%clk 0:27:03]} 22. g3 {[%clk 0:06:50]} Be7 {[%clk 0:25:37]} 23. f3
{[%clk 0:05:55]} Rf6 {[%clk 0:24:14]} 24. fxe4 {[%clk 0:05:16]} Nxe4
{[%clk 0:24:21]} 25. Bd3 {[%clk 0:05:26]} Nxg3+ {[%clk 0:23:05]} 26. Bxg3
{[%clk 0:05:16]} Qxg3 {[%clk 0:23:31]} 27. Rxf6 {[%clk 0:04:45]} Bxf6
{[%clk 0:23:47]} 28. Bf5 {[%clk 0:03:54]} Bxf5 {[%clk 0:18:31]} 29. Qxf5
{[%clk 0:04:13]} Qxe3 {[%clk 0:18:57]} 30. Rd3 {[%clk 0:03:15]} Qg5
{[%clk 0:15:25]} 31. Qe6+ {[%clk 0:03:26]} Kh8 {[%clk 0:15:51]} 32. Rf3
{[%clk 0:02:56]} Qg6 {[%clk 0:11:06]} 33. Rf2 {[%clk 0:01:56]} Re8
{[%clk 0:10:43]} 34. Qd7 {[%clk 0:01:50]} Re7 {[%clk 0:09:48]} 35. Qc8+
{[%clk 0:01:42]} Kh7 {[%clk 0:09:37]} 36. Re2 {[%clk 0:01:17]} e4
{[%clk 0:09:43]} 37. Rg2 {[%clk 0:01:16]} Qh5 {[%clk 0:09:12]} 38. Qf8
{[%clk 0:00:56]} Re8 {[%clk 0:08:41]} 0-1

[Event "World Chess Olympiad 2018"]
[Site "Batumi"]
[Date "2018.09.25"]
[Round "2"]
[Board "1"]
[WhiteFideId "16100212"]
[White "Ali Abdullahi Farah"]
[BlackFideId "10000100"]
[Black "Ssegwanyi Arthur"]
[Result "0-1"]
[LiveChessVersion "1.4.8"]
[BlackElo "2347"]
[WhiteElo "2000"]

1. d4 {[%clk 1:30:57]} Nf6 2. c4 e6 {[%clk 1:31:14]} 3. Nc3 {[%clk 1:30:49]} d5
{[%clk 1:30:37]} 4. Bg5 {[%clk 1:26:37]} Be7 {[%clk 1:29:33]} 5. Nf3
{[%clk 1:25:35]} O-O {[%clk 1:28:00]} 6. e3 {[%clk 1:25:27]} h6 7. Bh4 Ne4
{[%clk 1:21:59]} 8. Bxe7 {[%clk 1:19:21]} Qxe7 {[%clk 1:22:15]} 9. Bd3
{[%clk 1:13:30]} Nxc3 {[%clk 1:16:13]} 10. bxc3 {[%clk 1:13:59]} dxc4
{[%clk 1:13:19]} 11. Bxc4 {[%clk 1:14:06]} Nd7 {[%clk 1:13:43]} 12. O-O
{[%clk 1:08:59]} e5 {[%clk 1:13:41]} 13. a4 {[%clk 1:07:32]} e4 {[%clk 1:11:46]}
14. Nd2 {[%clk 1:07:22]} Nf6 {[%clk 1:11:18]} 15. Qc2 {[%clk 0:59:21]} Bf5
{[%clk 1:06:57]} 16. Rab1 {[%clk 0:56:52]} c6 {[%clk 0:58:28]} 17. a5
{[%clk 0:48:54]} Rad8 {[%clk 0:56:38]} 18. Rb2 {[%clk 0:46:14]} Bc8
{[%clk 0:55:19]} 19. Rfb1 {[%clk 0:43:14]} Rfe8 {[%clk 0:53:26]} 20. Bf1
{[%clk 0:40:41]} Rd5 {[%clk 0:49:12]} 21. c4 {[%clk 0:39:09]} Rh5
{[%clk 0:47:11]} 22. Be2 {[%clk 0:35:27]} Rg5 {[%clk 0:39:24]} 23. c5
{[%clk 0:28:04]} Qd7 {[%clk 0:35:34]} 24. Bf1 {[%clk 0:17:26]} Qg4
{[%clk 0:12:48]} 25. Nc4 {[%clk 0:16:12]} Qh4 {[%clk 0:12:30]} 26. Nd6
{[%clk 0:10:41]} Rh5 {[%clk 0:11:32]} 27. Bc4 {[%clk 0:07:54]} Qxh2+
{[%clk 0:11:01]} 28. Kf1 {[%clk 0:08:23]} Bg4 {[%clk 0:10:45]} 29. Ke1
{[%clk 0:08:09]} Qg1+ {[%clk 0:09:06]} 30. Kd2 {[%clk 0:07:25]} Qxf2+
{[%clk 0:08:56]} 31. Kc3 {[%clk 0:07:49]} Qxe3+ {[%clk 0:08:44]} 32. Kb4
{[%clk 0:08:17]} Re7 {[%clk 0:07:25]} 33. Qc3 {[%clk 0:07:16]} Qg5
{[%clk 0:06:22]} 34. Ka3 {[%clk 0:06:19]} b5 {[%clk 0:05:53]} 35. cxb6
{[%clk 0:05:09]} Qxa5+ {[%clk 0:03:59]} 36. Kb3 {[%clk 0:03:24]} axb6
{[%clk 0:03:33]} 37. Bxf7+ {[%clk 0:01:12]} Rxf7 {[%clk 0:03:27]} 38. Nxf7
{[%clk 0:01:39]} Kxf7 {[%clk 0:03:07]} 39. Qxc6 {[%clk 0:01:35]} Bd7
{[%clk 0:02:36]} 40. Qd6 {[%clk 0:00:37]} Ba4+ {[%clk 0:02:37]} 0-1

[Event "World Chess Olympiad 2018"]
[Site "Batumi"]
[Date "2018.09.25"]
[Round "2"]
[Board "3"]
[WhiteFideId "865834"]
[White "Moroni Luca Jr"]
[BlackFideId "4650891"]
[Black "Naiditsch Arkadij"]
[Result "0-1"]
[LiveChessVersion "1.4.8"]
[BlackElo "2721"]
[WhiteElo "2547"]

1. d4 {[%clk 1:30:58]} Nf6 {[%clk 1:30:49]} 2. c4 {[%clk 1:31:24]} g6
{[%clk 1:30:45]} 3. g3 {[%clk 1:31:50]} Bg7 {[%clk 1:31:05]} 4. Bg2
{[%clk 1:32:16]} O-O {[%clk 1:31:08]} 5. Nc3 {[%clk 1:32:43]} d6 {[%clk 1:31:24]}
6. Nf3 {[%clk 1:33:09]} c6 {[%clk 1:29:11]} 7. O-O {[%clk 1:33:05]} Bf5
{[%clk 1:28:08]} 8. Ne1 {[%clk 1:30:11]} Be6 {[%clk 1:22:49]} 9. b3
{[%clk 1:28:09]} d5 {[%clk 1:21:47]} 10. cxd5 {[%clk 1:24:02]} cxd5
{[%clk 1:21:09]} 11. Nd3 {[%clk 1:19:58]} Nc6 {[%clk 1:10:01]} 12. e3
{[%clk 1:14:22]} Bf5 {[%clk 1:09:49]} 13. Bb2 {[%clk 1:06:45]} Rc8
{[%clk 1:07:57]} 14. h3 {[%clk 1:03:46]} Ne4 {[%clk 0:55:51]} 15. Nf4
{[%clk 0:45:06]} Nb4 {[%clk 0:40:40]} 16. Rc1 {[%clk 0:40:11]} g5
{[%clk 0:26:58]} 17. Nh5 {[%clk 0:28:02]} Qd7 {[%clk 0:23:25]} 18. g4
{[%clk 0:23:26]} Bg6 {[%clk 0:21:31]} 19. Nxg7 {[%clk 0:18:35]} Kxg7
{[%clk 0:21:49]} 20. Nxe4 {[%clk 0:17:16]} dxe4 {[%clk 0:16:44]} 21. d5+
{[%clk 0:15:32]} f6 {[%clk 0:17:08]} 22. Rxc8 {[%clk 0:15:16]} Rxc8
{[%clk 0:17:27]} 23. Qd4 {[%clk 0:15:42]} a5 {[%clk 0:14:20]} 24. Bxe4
{[%clk 0:13:19]} e5 {[%clk 0:13:50]} 25. dxe6 {[%clk 0:09:26]} Qxd4
{[%clk 0:14:16]} 26. Bxd4 {[%clk 0:09:53]} Bxe4 {[%clk 0:14:39]} 27. f4
{[%clk 0:10:22]} Rc2 {[%clk 0:11:12]} 28. Rd1 {[%clk 0:06:51]} Bf3
{[%clk 0:08:47]} 29. Rf1 {[%clk 0:04:53]} Rg2+ {[%clk 0:08:53]} 30. Kh1
{[%clk 0:05:20]} Be4 {[%clk 0:07:40]} 0-1